| 000 | 00663nam a22002057a 4500 | ||
|---|---|---|---|
| 003 | NUST | ||
| 005 | 20240221160037.0 | ||
| 008 | 190620b ||||| |||| 00| 0 eng d | ||
| 038 | _aMr.Noman | ||
| 082 | _a610.28 | ||
| 100 |
_aAtif Sultan _915143 |
||
| 245 |
_aDesign And Development Of Therapeutic Device For Knee Joint And Associated Muscles Rehabilitation _cAtif Sultan |
||
| 260 |
_aIslambad _bSMME NUST _c2018 |
||
| 300 |
_a45P. _c30cm |
||
| 600 |
_aAtif Sultan _915144 |
||
| 610 | _2Biomedical Engineering-MS -Thesis | ||
| 700 |
_aDr Muhammad Nabeel Anwar _916247 |
||
| 856 | _uhttp://10.250.8.41:8080/xmlui/handle/123456789/7749 | ||
| 942 |
_2ddc _cTHE |
||
| 999 |
_c524323 _d524323 |
||